000 00809nz a2200229n 4500
005 20250620063850.0
008 051121n2003cnnaabn|||||||||| b |nc|||||d
020 _a8430605037
035 _aUPN01000141211
049 _aCG
050 4 _aDD247 H5
_bR6.2
100 1 _aRoberts, Andrew,
_d1963-
245 1 0 _aHitler y Churchill :
_blos secretos del liderazgo /
_cAndrew Roberts ; tr. de Amado Diéguez Rodríguez.
260 _aMadrid :
_bTaurus,
_c2003.
300 _a309 p. :
_bil.
440 0 _aHistoria
534 _pTítulo original:
_tHitler y Churchill : secrets of leadership
600 1 4 _aHITLER, ADOLF,
_d1889-1945 -
_xLIDERAZGO MILITAR
_93097
600 1 4 _aCHURCHILL, WINSTON LEONARD SPENCER,
_cSIR,
_d1874-1965 -
_xLIDERAZGO MILITAR
_93099
650 2 _aLiderazgo político
_91543
905 _aLibro
999 _c113358
_d113358